000 00679 a2200217 4500
001 61987
005 20260407155913.0
008 260407a1967 arg spa d
003 AR-UNSa-BCEJYS
040 _aAR-UNSa-BCEJYS
_bspa
_cAR-UNSa-BCEJYS
080 _a349.2
_xDerecho del Trabajo
245 1 0 _aManual teórico práctico de derecho del trabajo
250 _a2a. ed.
264 1 _aBuenos Aires :
_bEDIAR
_c1967
300 _a2 v. (537 ; 503 p.)
_c23 cm.
505 _aTomo I: Parte general. Derecho privado del trabajo -- Tomo II: Derecho colectivo del trabajo
041 _aspa
942 _cBK
590 _aniveau_biblio:m niveau_hierar:0
100 1 _aPozzo, Juan D.
999 _c7518
_d7518